000 00301nam a2200133Ia 4500
005 20260328104247.0
008 260328s9999||||xx |||||||||||||| ||und||
100 _aSena
245 0 _aContrucciones Sismo- resistentes /
_cSena
260 _bSena
300 _a119 p.
650 _aMADERA
942 _cBK
999 _c10097
_d10097